| 000 | 00405nam a2200145Ia 4500 | ||
|---|---|---|---|
| 008 | 151213s9999 xx 000 0 und d | ||
| 100 | _aR.C. Charchill | ||
| 245 |
_aEnglish Literature of The Nineteenth Century _cR.C. Charchill |
||
| 260 |
_aLondon _bUniversity Tutorial Press _c1951 |
||
| 300 | _a4575 p. | ||
| 650 | _aEnglish | ||
| 650 | _aEnglish Literature | ||
| 700 | _aR.C. Charchill | ||
| 999 |
_c2949 _d2949 |
||